EFFECTIVE KNOWLEDGE WORK (Record no. 1309722)
[ view plain ]
| 000 -LEADER | |
|---|---|
| fixed length control field | 00491nam a22001697a 4500 |
| 003 - CONTROL NUMBER IDENTIFIER | |
| control field | OSt |
| 005 - DATE AND TIME OF LATEST TRANSACTION | |
| control field | 20250507161434.0 |
| 008 - FIXED-LENGTH DATA ELEMENTS--GENERAL INFORMATION | |
| fixed length control field | 250429b |||||||| |||| 00| 0 eng d |
| 020 ## - INTERNATIONAL STANDARD BOOK NUMBER | |
| International Standard Book Number | 9781780521442 |
| 040 ## - CATALOGING SOURCE | |
| Transcribing agency | RDA |
| 100 ## - MAIN ENTRY--PERSONAL NAME | |
| Personal name | NORTH, KLAUS., |
| Relator term | AUTHOR |
| 9 (RLIN) | 753386 |
| 245 ## - TITLE STATEMENT | |
| Title | EFFECTIVE KNOWLEDGE WORK |
| Statement of responsibility, etc. | BY Klaus North and Stefan Gueldenberg |
| 260 ## - PUBLICATION, DISTRIBUTION, ETC. | |
| Place of publication, distribution, etc. | UNITED KINGDOM |
| Name of publisher, distributor, etc. | EMERALD |
| Date of publication, distribution, etc. | 2011 |
| 300 ## - PHYSICAL DESCRIPTION | |
| Extent | xiv,230P |
| 700 ## - ADDED ENTRY--PERSONAL NAME | |
| Personal name | Gueldenberg, Stefan., |
| Relator term | Author |
| 9 (RLIN) | 755442 |
| 942 ## - ADDED ENTRY ELEMENTS (KOHA) | |
| Source of classification or shelving scheme | Colon Classification (CC) |
| Koha item type | General Books |
| Edition | 2011 |
| Suppress in OPAC | No |
| Withdrawn status | Lost status | Source of classification or shelving scheme | Damaged status | Not for loan | Home library | Current library | Shelving location | Date acquired | Cost, normal purchase price | Total Checkouts | Full call number | Barcode | Date last seen | Price effective from | Koha item type |
|---|---|---|---|---|---|---|---|---|---|---|---|---|---|---|---|
| Colon Classification (CC) | Faculty of Management Library | Faculty of Management Library | General Stacks | 2017-09-01 | 5124.00 | X:8 Q1 | ML1634460 | 2025-04-29 | 2025-04-29 | General Books |
